Statystyki dla Największe Jeziora Europy

Kliknij tutaj aby rozwiązać quiz!

Ogólne statystyki

  • Ten quiz został rozwiązany 290 razy
  • Średni wynik to 4 z 10

Statystyki odpowiedzi

pow. w km ²odpowiedź% Poprawnych
17.8 KM²Ładoga
95%
9.7 KM²Onega
81%
5.5 KM²Wener
51%
1.9 KM²Wetter
44%
3.6 KM²Pejpus
34%
4.4 KM²Saimaa
23%
1.1 KM²Melar
13%
1.1 KM²Jezioro Białe
12%
do 2 KM²Ilmień
4%
1 KM²Päijänne
4%

Rozkład punktacji

Percentyl według liczby udzielonych odpowiedzi

Procent ludzi z każdym wynikiem

Twoja historia wyników

Nie rozwiązałeś tego quizu